Zach Bryan - Heading South Lyrics - Statistics

General Stats
  • This quiz has been taken 488 times
  • The average score is 198 of 278
Answer Stats
Answer % Correct
A
99%
So
99%
He
98%
You
96%
The
93%
South
91%
And
90%
Boy
89%
Was
88%
Who
87%
Dreamer
86%
Headin’
86%
High
86%
Don’t
85%
Proud
85%
They
85%
Flew
83%
Goin’
83%
Stop
83%
Loud
82%
His
81%
Of
81%
To
81%
Your
81%
As
80%
Down
80%
In
80%
Music
80%
That
80%
Real
79%
World
79%
Damn
78%
Word
78%
Young
77%
Play
76%
Ass
75%
Cut
75%
People
74%
Full
73%
Let
72%
Understand
70%
Mouth
67%
Out
67%
Said
67%
From
66%
Him
66%
They’ll
66%
Are
64%
‘Cause
64%
No
64%
Single
64%
Well
64%
Never
63%
Understood
63%
Will
63%
Pourin’
62%
Words
62%
Fed
60%
When
60%
Wasn’t
59%
Dollar
58%
Sign
58%
Ever
57%
Fucking
57%
Is
56%
One
56%
All
55%
Did
55%
Scream
55%
Town
55%
Daddy
53%
Kid
53%
Riser
52%
Cast
51%
Coming
51%
Kind
51%
Wolves
51%
Comprehend
50%
Like
49%
Lyrics
49%
Tell
49%
Thing
49%
What
49%
Be
48%
Got
48%
Last
48%
Man
48%
Back
47%
Our
47%
He’s
45%
It’s
45%
Told
45%
Fool
44%
If
44%
Fall
43%
Get
43%
Mud
43%
Old
43%
Red
43%
Then
43%
Boys
42%
Called
42%
Dirt
42%
Watch
42%
But
41%
Laugh
41%
Blood
40%
Come
40%
For
40%
Make
40%
Now
40%
We’ve
40%
Again
39%
Masses
39%
Midst
39%
Roll
39%
Around
38%
Name
38%
Used
38%
Came
36%
Messed-up
36%
Skippin’
36%
‘Em
35%
Riser’s
34%
Screamed
34%
Learn
33%
Surely
32%
No matching quizzes found
Score Distribution
Percent of People with Each Score
Percentile by Number Answered
Your Score History
You have not taken this quiz